000 00712pam a2200229 a 4500
001 4507092
005 20180313084548.0
008 980616s1999 njua b 001 0 eng
010 _a 98027613
020 _a0023502517 (paper)
040 _aDLC
_cDLC
_dDLC
041 _aeng
080 _a658.812 GIL
082 0 0 _a658.812 GIL
_221
100 1 _a58
101 _aMAR
245 1 0 _aMarketing :
_cGilbert D. Harrell, Gary L. Frazier.
504 _aIncludes bibliographical references and index.
906 _a7
_bcbc
_corignew
_d1
_eocip
_f19
_gy-gencatlg
942 _2ddc
_cBK
999 _c44901
_d44901